000 01427nam a22002177a 4500
999 _c62874
_d62874
003 Ge_BSU
005 20250313165822.0
008 250313s1983 ge ||||| |||| 00| 0 geo d
041 _ageo
080 _a616.71-089(084.4) ყ-98
100 _aყუფარაძე, მ.
_924556
245 _aძვლებისა და სახსრების ზოგიერთი პათოლოგიის ოპერაციის ტექნიკა :
_b[ატლასი]. წ. 3, ხერხემალი, ახალი ოპერაციები, კიდურების ამპუტაციები და ექსარტიკულაციები და სხვ.
_cმ. ყუფარაძე.
264 _aთბილისი :
_bსაბჭ. საქართველო,
_c1983.
300 _a95 გვ. :
_bილ.;
_c34 სმ.
500 _aპარალ. თავფურც. რუს. ენაზე. ტექსტი ქართ. და რუს. ენებზე.
504 _aბიბლიოგრაფია: გვ. 94-95.
653 _aძვლების პათოლოგიის ოპერაციის ტექნიკა
653 _aატლასები
653 _aსახსრების პათოლოგიის ოპერაციის ტექნიკა
942 _2udc
_cᲬᲘᲒᲜᲘ